| 000 | 00324nam a2200121Ia 4500 | ||
|---|---|---|---|
| 008 | 240731s9999 xx 000 0 und d | ||
| 022 | _a1933-8007 | ||
| 245 | 0 | _aCritical Review : A Journal of Politics and Society | |
| 260 | _bRoutledge | ||
| 856 | _uhttps://www.tandfonline.com/loi/rcri20 | ||
| 942 | _2ddc | ||
| 942 | _cTFEJ | ||
| 999 |
_c76126 _d76126 |
||
| 945 |
_a1 _bMadushi Gamage _c1 _dMadushi Gamage |
||